000 00622nam a2200193Ia 4500
003 IN-BaIIA
008 211028s9999 xx 000 0 eng d
020 _a9971-950-66-9
040 _cIIA Library
080 _a524.834
_bFAN
100 _aFang, Li Zhi
_913230
245 0 _aBasic concepts in relativistic astrophysics
_cLi Zhi Fang and Remo Ruffini
260 _aSingapore
_bWorld Scientific
_c1983
300 _aix, 218p.
650 _aAstronomy and astrophysics thesaurus
650 _aRelativistic astrophysics
_96801
700 _aRuffini, Remo
_98607
942 _cBK
999 _c7844
_d7844